Statistiques concernant Villes du Monde sur une carte par lettre - K

Cliquez ici pour prendre le quiz!

Statistiques générales

  • Ce quiz a été pris 8 295 fois
  • Le résultat moyen est 11 sur 24

Réponses sur la Carte

Les réponses sont colorées sur une échelle allant du rouge au vert en fonction du pourcentage des utilisateurs qui les ont devinées à leur premier essai. Vous pouvez retrouver ces pourcentages ci-dessous.
 

Statistiques - réponses

Villes% Correct
Kiev
85%
Kyoto
85%
Kinshasa
69%
Kingston
67%
Koweït City
67%
Katmandou
65%
Kuala Lumpur
64%
Kaboul
62%
Kansas City
57%
Khartoum
57%
Kharkiv
46%
Kigali
45%
Kaliningrad
42%
Karachi
42%
Kampala
38%
Kourou
37%
Kiel
31%
Kazan
21%
Krasnodar
18%
Kano
17%
Katowice
17%
Kairouan
11%
Kumasi
8%
Kaohsiung
7%

Distribution des résultats

Percentile par nombre de réponses

% des personnes avec chaque résultat

Votre développement - résultats

Vous n’avez pas pris ce quiz